Statistics for Districts Of Botswana With A Map

Click here to take the quiz!

General Stats

  • This quiz has been taken 518 times
  • The average score is 9 of 17

Answers on the Map

Answers color-coded by a green-red scale on the quiz's map according to % correct below.
 

Answer Stats

TypeDistrict% Correct
UrbanGaborone City
81%
RuralSouthern District
75%
RuralNorth-East District
72%
RuralSouth-East District
70%
RuralCentral District
65%
UrbanFrancistown City
64%
RuralChobe District
61%
RuralGhanzi District
57%
RuralKweneng District
49%
RuralKgalagadi District
48%
RuralKgatleng District
48%
UrbanSowa Township
44%
RuralNgamiland District
42%
UrbanJwaneng Town
41%
UrbanLobatse Town
39%
UrbanOrapa Town
38%
UrbanSelebi-Phikwe Town
34%

Score Distribution

Percentile by Number Answered

Percent of People with Each Score

Your Score History

You have not taken this quiz